Ročenka agropotravinárskeho zahraničného obchodu SR za rok 2007

Gespeichert in:
Bibliographische Detailangaben
1. Verfasser: Gálik, Jozef
Format: Buch
Sprache:Slowakisch
Veröffentlicht: Bratislava Výskumný ústav ekonomiky poľnohospodárstva a potravinárstva 2008
Schriftenreihe:Štúdia č. 143/2008
Schlagworte:
Tags: Tag hinzufügen
Keine Tags, Fügen Sie das erste Tag hinzu!

MARC

LEADER 00000nam$a2200000$$$4500
001 0087646
005 20220805103508.1
020 |a 978-80-8058-494-8 
041 0 |a slo 
044 |a SK 
245 1 0 |a Ročenka agropotravinárskeho zahraničného obchodu SR za rok 2007  |c Jozef Gálik 
264 1 |a Bratislava  |b Výskumný ústav ekonomiky poľnohospodárstva a potravinárstva  |c 2008 
300 |a 53 s. 
490 1 |a Štúdia  |v č. 143/2008 
830 0 |a Štúdia  |v č. 143/2008 
610 2 0 |a agropotravinárstvo 
610 2 0 |a obchod zahraničný 
610 2 0 |a dovoz 
610 2 0 |a vývoz 
610 2 0 |a ceny 
610 2 0 |a komodity 
610 2 0 |a výrobky poľnohospodárske 
610 2 0 |a konkurencieschopnosť 
610 2 0 |a krajiny rozvojové 
610 2 0 |a trh spoločný 
610 2 0 |a Slovensko 
610 2 0 |a Európska únia 
100 1 |a Gálik, Jozef